000 00427nam a2200181Ia 4500
001 22329
005 20260414150824.0
008 260414t2012||||xx |||||||||||||| ||spa||
041 _aESP
082 _a621.317
_bM84
100 _aMontaña, Johny
_eAUT
245 0 _aTeoría de puestas a tierra
_b
260 _c2012
300 _axi, 97 páginas :
_c23 cm.
650 _aTCA
654 _aCET
942 _cLIB
_dJUS
_fJUS
_2ddc
_n
999 _c22329
_d22329